000 00536nam a2200181Ia 4500
008 100920s9999 xx 000 0 und d
082 _b98021
_a891.43 न 07
100 _aमितल जितेंद्र.
245 _aएक बयान.
260 _bसंभावना प्रकाशन, हापुड.
_c2007
300 _a64
_bसाधी
365 _b80
520 _aहिंदी.
630 _aएक बयान.
650 _aहिंदी.
730 _aएक बयान.
942 _cBOOK
999 _c738459
_d738456